01114nam a2200277 u 450000100100000000500170001000800410002704000250006804100390009308200130013210000280014524000330017324501200020626000470032630000210037349000190039453400420041350400340045550000740048950000730056370000310063683000260066704900090069395201170070299900170081900002508220200930023543.0110209s1977 mx r 000 0 spa d aDO-SdBNPbspacBNPHU17aspahfre2Código de idiomas MARC ann*bnn*1 aDuvidnaud, Jean.95146913aLe lengage perdu.lEspañol13aEl lenguaje perdido :bensayo sobre la diferencia antropológica /cJean Duvignaud ; traducción de Hugo Azcurra. aMéxico, D. F. :bSiglo Veintiuno,c1977. a248 p. ;c21 cm.1 aAntropología aTítulo original :tLe lengage perdu aBibliografía : [247]-248 p. aIncluye notas y referencias bibliográficas al pie de las páginas. aInclye referencias bibliográficas y notas al pie de las páginas.1 aAzcurra, Hugo,etr.951470 0aAntropología918556 aBNGR 001054708MOaGRbGRcCTd2011-02-09iLF1l0onn* nn*p25082-10r2020-06-25w2020-06-25y4ZPréstamo en sala c24575d24575